000 00777nam a2200253 a 4500
001 70621
003 BD-RjUL
005 20211209082024.0
008 170419s1986 enka b 001 0 eng d
020 _a0852744919
035 _a(BD-RjUL)70835
040 _aBD-RjUL
_beng
_cBD-RjUL
041 _aeng
082 _223
_a531
_bBII 1986
100 1 _aBillington, E. W.
_q(Ernest William)
_9209030
245 1 0 _aIntroduction to the mechanics and physics of solids /
_cE.W. Billington
260 _aBristol, England ;
_aBoston :
_bA. Hilger,
_cc1986
300 _axvi, 339 p :
_bill ;
_c24 cm
504 _aIncludes bibliographies and index
650 0 _aContinuum mechanics
_9205067
650 0 _aElastic solids
_9208944
650 0 _aElastoplasticity
_9209031
942 _2ddc
_cBK
999 _c70621
_d70621